Podnikanie malých a stredných podnikov v SR diplomová práca

Saved in:
Bibliographic Details
Main Author: Hreus, Lukáš
Corporate Author: Národohospodárska fakulta EU. Katedra financií
Other Authors: Belanová, Katarína, 1978-
Format: Book
Language:Slovak
Published: Bratislava 2009
Tags: Add Tag
No Tags, Be the first to tag this record!

MARC

LEADER 00000nam$a2200000$$$4500
001 0096620
005 20240318141438.5
041 0 |a slo 
044 |a SK 
245 1 0 |a Podnikanie malých a stredných podnikov v SR  |b diplomová práca  |c Lukáš Hreus ; škol. Katarína Belanová 
264 1 |a Bratislava  |c 2009 
300 |a 77 s. 
100 1 |a Hreus, Lukáš 
700 1 |a Belanová, Katarína, 1978- 
710 2 |a Národohospodárska fakulta EU. Katedra financií